000 00352nam a2200145Ia 4500
005 20251222152008.0
008 251222s9999||||xx |||||||||||||| ||spa||
020 _a0930422236
082 _a635.977/Y75
100 _aYoshio Naka, John
245 0 _aBonsai Techniques
250 _a1ra. ed.
264 _bBonsai Institute of California
942 _cLIB
999 _c24802
_d24802